Rangka rancangan jangka panjang kedua 1991-2000.
| Format: | Book |
|---|---|
| Published: |
Kuala Lumpur:
[s.n.],
1991.
|
| Subjects: |
| LEADER | 00453cam a2200157 7i4500 | ||
|---|---|---|---|
| 001 | 0000005990 | ||
| 005 | 19991025090000.0 | ||
| 002 | ##000007641 | ||
| 020 | 0 | 0 | |a T000005935 |
| 090 | 0 | 0 | |a M 330.011 2 |b RAN |
| 245 | 0 | 0 | |a Rangka rancangan jangka panjang kedua 1991-2000. |
| 260 | 0 | 0 | |a Kuala Lumpur: |b [s.n.], |c 1991. |
| 300 | 0 | 0 | |a 195 p.. |
| 650 | 0 | 0 | |a Economic forecasting -- |z Malaysia |
| 651 | 0 | 0 | |a Malaysia |
| 999 | |a 0000008909 |b Book |c Open shelf |e Business Information Centre | ||